00448 a2200109 4500001001000000005001700010008004100027245011000068100002300178773012000201999001700321ART_1566020260410161918.0260409a 10aLas participaciones minoritarias en los estados contables consolidados ante el concepto amplio de control1 aVerón, Carmen S.0 tDocumentos de trabajo de contabilidad, auditoría y responsabilidad socialg- Año 1, Nº 2 (dic. 2011)wREV14385 c27446d27446